Score 0/20 Timer 03:00
0 Plays Today
Hint Answer % Correct
Judy GarlandWizard
99.7%
Judi DenchPride
97.7%
Judy GreerWant
94.5%
Judi DenchRoyale
94.4%
Judy GreerWedding
93.1%
Judi DenchJane
91.6%
Judy DavisWives
91.6%
Judy DavisMarie
91.3%
Judi DenchView
91.3%
Judy GarlandStar
90.2%
Hint Answer % Correct
Judy GarlandLouis
84.6%
Judy Greer13
80.6%
Judy DavisIndia
65.7%
Judi DenchShakespeare
61.5%
Judy GreerHome
50.7%
Judy DavisAngels
48.6%
Judy GreerDrugs
42.3%
Judy DavisBarton
41.6%
Judy GarlandGal
37.1%
Judy GarlandGirl
33.8%

Today's Daily Dose

Missing Word
'T' Pairs

Word Ladder
Game Pieces

Get the Picture
Baseball Movies

Remove Ads.
Support Sporcle.
Get the best of Sporcle when you Go Orange. This ad-free experience offers more features, more stats, and more fun while also helping to support Sporcle. Thank you for becoming a member.

You're not logged in!

Compare scores with friends on all Sporcle quizzes.
OR
Log In

Show Comments

Extras

Top Quizzes Today


Score Distribution

Your Account Isn't Verified!

In order to create a playlist on Sporcle, you need to verify the email address you used during registration. Go to your Sporcle Settings to finish the process.

Report this User

Report this user for behavior that violates our Community Guidelines.

Details: